| 000 | 00371nam a2200133 a 4500 | ||
|---|---|---|---|
| 005 | 20140414131937.0 | ||
| 008 | 110120s19uu xx 00 eng d | ||
| 050 |
_aREF 616.02 _bL66 2008 |
||
| 100 | _aLipscombe, Susa | ||
| 245 | _aFirst aid handbook. | ||
| 260 | _bWS Pacific. | ||
| 650 |
_aFirst aid in illness and injury _xHandbooks, manuals, etc. _x |
||
| 999 |
_c112472 _d112472 |
||